Répliques cultes du cinéma et de la télévision - Statistiques

Statistiques générales
  • Ce quiz a été pris 471 fois
  • Le résultat moyen est 19 sur 42
Statistiques - réponses
Hint Réponse % Correct
Non, pas toi Obélix, les effets de la potion sont permanents chez toi car tu sais très bien que tu es tombé dans la marmite quand tu étais petit Panoramix
96%
Tuches avec un T comme T'es là ou T'es pas là ! où qu't'es Ah ! T'es là Tuches T'es là Jeff Tuche
90%
Ah ah j'tais cassé ! Brice Agostini
88%
Je vole jack ! Je vole ! Rose Dewitt Bukater
85%
Maman disait toujours... la vie c'est comme une boîte de chocolat. On ne sait jamais sur quoi on va tomber Forrest Gump
83%
Mon nom est Maximus Desimus Meridius, commandant en chef des armées du nord, général des légions Félix, fidèle serviteur du vrai empereur Marc Aurel. Maximus Desimus Meridius
82%
N’aie pas pitié des morts Harry, aie pitié des vivants et en particulier de tous ceux qui vivent sans amour. Albus Dumbledor
81%
Ouh pinaise !! Homer Simpson
81%
Vous ne passerez pas ! Gandalf le gris
78%
Ok !! Jacquouille
76%
Alors, on attend pas Patrick ? Patrick Chirac
70%
Si tu veux un conseil, oublie que t'as aucune chance. On sait jamais, sur un malentendu ça peut marcher. Jean claude Dusse
68%
Mon arc est votre Légolas
57%
Pour Frodon ! Aragorn
55%
L'hiver arrive John Snow
55%
Quoi ! l'alcool c'est pas cool ! alors pourquoi il y a cool dans alcool ?! Patoche
55%
Tu es un sorcier Harry Rubeus Hagrid
55%
Spartiate qu'elle est votre métier ? Léonidas
47%
Là on me voit, là on me voit plus, on me voit, on me voit plus Cartapus
42%
C'est pas faux ! Perceval
42%
Tu pues le chat, tu pues le chat. Ce n'est pas ta faute Phoebe Buffay
41%
Je sais Han Solo
40%
Je vous emmerde et je rentre à ma maison Eric Cartman
37%
Je t'aime Leia Organa
35%
J'ai glissé chef Pithivier
35%
On peut tromper une fois mille personnes, mais on ne peut pas tromper mille fois une personne Emile Gravier
31%
Ssssssssssssssssplendiiiiiiide Stanley Ikpiss
31%
Quand je suis content je vomis Simon Jérémy
30%
Tu vois, le monde se divise en deux catégories, ceux qui ont un pistolet chargé et ceux qui creusent. Toi, tu creuses. L'homme sans nom
26%
C’est vrai ce qu’on dit, vous êtes le fils d’un démon et d’une pucelle ? […] Vous avez plus pris de la pucelle. Arthur Pendragon
25%
Sortez vos vos mort Le collecteur de morts
25%
C'est difficile de mettre une laisse à un chien une fois qu'on lui a posé une couronne Tyrion Lannister
24%
Mécréaaaaaaaant !!!!!!! Bohort
21%
J’ai n’ai rien contre les négros, ritales, yuppins ou métèques. Ici vous n’êtes tous que des vrais connards. Sergent instructeur Hartman
20%
Elle va marché beaucoup moins bien !? Antoine Maréchal
19%
Quand on est riche on est désagréable, voilà ! Don Salluste
19%
Vous vous souvenez des goûts des fraises ? Samsagace Gamegie
17%
Et paf, il l'a emballé ! Alors moi il m'épate, il m'épate et il m'épate ! Léopold Saroyan
13%
J'aime l'odeur du napalm au petit matin ! Bill Kilgore
7%
Oui. Et c'est aussi l'omelette que je devais... manger Fernand Jouvin
7%
Monsieur Jambier, 45 rue Poliveau, pour moi, ce sera mille francs Grandgil
6%
Je t'aimeuuh Wayne Campbell
4%
Aucun quiz correspondant
Distribution des résultats
% des personnes avec chaque résultat
Percentile par nombre de réponses
Votre historique - résultats
Vous n’avez pas pris ce quiz